书目信息 |
| 题名: |
面向自然语言处理的话语连贯研究
|
|
| 作者: | 李佐文 , 李楠 著 | |
| 分册: | ||
| 出版信息: | 北京 人民日报出版社 2020.04 |
|
| 页数: | 212页 | |
| 开本: | 24cm | |
| 丛书名: | 人民日报学术文库 | |
| 单 册: | ||
| 中图分类: | TP391 | |
| 科图分类: | ||
| 主题词: | 自然语言处理--zi ran yu yan chu li--研究 | |
| 电子资源: | ||
| ISBN: | 978-7-5115-6269-2 | |
| 000 | 01190nam 2200289 450 | |
| 001 | 0100015718 | |
| 005 | 20201024210217.0 | |
| 010 | @a978-7-5115-6269-2@b精装@dCNY78.00 | |
| 100 | @a20200715d2020 em y0chiy50 ea | |
| 101 | 0 | @achi |
| 102 | @aCN@b110000 | |
| 105 | @ay a 000yy | |
| 106 | @ar | |
| 200 | 1 | @a面向自然语言处理的话语连贯研究@Amian xiang zi ran yu yan chu li de hua yu lian guan yan jiu@f李佐文, 李楠著 |
| 210 | @a北京@c人民日报出版社@d2020.04 | |
| 215 | @a212页@d24cm | |
| 225 | 2 | @a人民日报学术文库@Aren min ri bao xue shu wen ku |
| 314 | @a李佐文, 教授, 中国传媒大学外国语言文化学院院长, 博士生导师, 全国话语语言学研究会会长等职。李楠, 副教授, 中国传媒大学语言学及应用语言学专业博士研究生。 | |
| 320 | @a有书目 | |
| 330 | @a本书分九章, 内容包括: 话语和话语连贯研究的梳理 ; 话语连贯计算的意义与内容 ; 话语标记和自然语言理解 ; 显性连贯与隐性连贯 ; 语义网络与话语连贯 ; 话语连贯关系语料库的标注等。 | |
| 410 | 0 | @12001 @a人民日报学术文库 |
| 606 | 0 | @a自然语言处理@Azi ran yu yan chu li@x研究 |
| 690 | @aTP391@v5 | |
| 701 | 0 | @a李佐文@Ali zuo wen@4著 |
| 701 | 0 | @a李楠@Ali nan@4著 |
| 801 | 0 | @aCN@c20200715 |
| 905 | @a河南城建学院图书馆@dTP391@f2@eL347 | |
| 面向自然语言处理的话语连贯研究/李佐文, 李楠著.-北京:人民日报出版社,2020.04 |
| 212页;24cm.-(人民日报学术文库) |
| ISBN 978-7-5115-6269-2(精装):CNY78.00 |
| 本书分九章, 内容包括: 话语和话语连贯研究的梳理 ; 话语连贯计算的意义与内容 ; 话语标记和自然语言理解 ; 显性连贯与隐性连贯 ; 语义网络与话语连贯 ; 话语连贯关系语料库的标注等。 |
| ● |
| 相关链接 |
|
|
|
正题名:面向自然语言处理的话语连贯研究
索取号:TP391/L347
 
预约/预借
| 序号 | 登录号 | 条形码 | 馆藏地/架位号 | 状态 | 备注 |
| 1 | 1497003 | 214970030 | 自科库301/301自科库 64排1列5层/ [索取号:TP391/L347] | 在馆 | |
| 2 | 1497004 | 214970049 | 自科库301/301自科库 64排1列5层/ [索取号:TP391/L347] | 在馆 |